Právnický slovník

Gespeichert in:
Bibliographische Detailangaben
1. Verfasser: Hendrych, Dušan
Format: Buch
Sprache:Tschechisch
Veröffentlicht: Praha C.H. BECK 2003
Ausgabe:2. rozšíř. vyd.
Schlagworte:
Tags: Tag hinzufügen
Keine Tags, Fügen Sie das erste Tag hinzu!

MARC

LEADER 00000nlm$a2200000$$$4500
001 0046810
005 20221130144054.9
041 0 |a cze 
044 |a CZ 
245 1 0 |a Právnický slovník  |c Dušan Hendrych & kolektiv 
250 |a 2. rozšíř. vyd. 
264 1 |a Praha  |b C.H. BECK  |c 2003 
300 |a CD-ROM 
610 2 0 |a právo 
610 2 0 |a terminológia 
100 1 |a Hendrych, Dušan